صفوة التفاسير : (رقم التسجيلة. 25929)
[ عرض عادي ]
| 000 -الفاتح | |
|---|---|
| عناصر البيانات ثابتة الطول | 00732cam a2200193 i 4500 |
| 005 - تاريخ ووقت آخر معاملة | |
| حقل ضبط | 20251108165345.0 |
| 008 - عناصر البيانات ثابتة الطول | |
| عناصر البيانات ثابتة الطول | 250721b9999 ua gr 000 0 ara d |
| 020 ## - الترقيم الدولي المعياري للكتب (ردمك) | |
| الترقيم الدولي المعياري للكتب (ردمك) | 9771102141 |
| 082 14 - رقم تصنيف ديوي العشري | |
| رقم التصنيف | 212 |
| رقم المادة | ص ا ب |
| 100 1# - مدخل رئيسي – اسم شخصي | |
| الاسم الشخصي | الصابوني، محمد علي |
| علاقة الشخص بالعمل/ دوره | المؤلف. |
| 245 10 - بيان العنوان | |
| العنوان | صفوة التفاسير : |
| بقية العنوان | تفسير للقرآن الكريم ؛ جامع بين المأثور و المعقول / |
| بيان المسؤولية | تأليف محمد علي الصابوني. |
| 250 ## - بيان الطبعة | |
| بيان الطبعة | الطبعة التاسعة. |
| 264 3# - بيانات النشر، التوزيع…إلخ | |
| مكان النشر، التوزيع...إلخ | القاهره : |
| اسم الناشر، الموزع...إلخ | دار الصابوني، |
| تاريخ النشر، التوزيع...إلخ | [بين 1900و 1999]. |
| 300 ## - الوصف المادي | |
| عدد الوحدات المكونة للوعاء | 3 مجلد. |
| 650 17 - مدخل إضافي بالموضوع - مصطلح موضوعي | |
| مصطلح موضوعي أو اسم جغرافي كعنصر مدخل | القرآن الكريم. |
| 650 17 - مدخل إضافي بالموضوع - مصطلح موضوعي | |
| مصطلح موضوعي أو اسم جغرافي كعنصر مدخل | التفسير. |
| 942 ## - بيانات إضافية (كوها) | |
| نوع التنصيف | Dewey Decimal Classification |
| نوع المادة (كوها) | مراجع |
| حالة السحب | حالة الفقدان | مصدر التصنيف | حالة التلف | غير قابل للإعارة | المكتبة الرئيسية | المكتبة الحالية | موقع الرف | تاريخ التزويد | الرقم المتسلسل | Total Checkouts | رقم الإستدعاء | الباركود | تاريخ آخر ظهور | تاريخ الفاتورة | نوع المادة (كوها) |
|---|---|---|---|---|---|---|---|---|---|---|---|---|---|---|---|
| Dewey Decimal Classification | Not For Loan | المكتبة المركزية | المكتبة المركزية | مراجع | 06/07/2004 | 164296 | م / 212 / ص ا ب | 164296 | 28/07/2025 | 06/07/2004 | مراجع | ||||
| Dewey Decimal Classification | Not For Loan | المكتبة المركزية | المكتبة المركزية | مراجع | 06/07/2004 | 164297 | م / 212 / ص ا ب | 164297 | 28/07/2025 | 06/07/2004 | مراجع | ||||
| Dewey Decimal Classification | Not For Loan | المكتبة المركزية | المكتبة المركزية | مراجع | 06/07/2004 | 164295 | م / 212 / ص ا ب | 164295 | 28/07/2025 | 06/07/2004 | مراجع | ||||
| Dewey Decimal Classification | Not For Loan | مكتبة الراية الهاشمية للأطفال | مكتبة الراية الهاشمية للأطفال | الأطفال | 15/09/2015 | 295202 | م/212/محم | PLD00347413 | 28/07/2025 | 15/09/2015 | مراجع | ||||
| Dewey Decimal Classification | Not For Loan | مكتبة ومركز فرح | مكتبة ومركز فرح | مراجع | 12/05/2009 | 1287579 | م/212/محم | PLD00089205 | 28/07/2025 | 12/05/2009 | مراجع | ||||
| Dewey Decimal Classification | Not For Loan | مكتبة ومركز فرح | مكتبة ومركز فرح | مراجع | 12/05/2009 | 1287580 | م/212/محم | PLD00089206 | 28/07/2025 | 12/05/2009 | مراجع | ||||
| Dewey Decimal Classification | Not For Loan | مكتبة ومركز فرح | مكتبة ومركز فرح | مراجع | 12/05/2009 | 1287581 | م/212/محم | PLD00089207 | 28/07/2025 | 12/05/2009 | مراجع |